000 01241nam a2200313 i 4500
003 EG-GICUC
005 20260426115041.0
008 260426s1908 fr a|||fr|||| 00| 0 fre d
040 _aEG-GiCUC
_cEG-GiCUC
_dEG-GiCUC
_eRda
082 0 4 _221
_a343.84
_bRA . N
092 0 4 _221
099 _aLaw1 10 343.84 RA . N 1908
100 1 _aRAYMOMD, F.
_eAuteur
245 1 0 _aNÉVROSES ET IDÉES FIXES :
_bFRAGMENTS DES LEÇONS CLINIQUES DU MARDI SUR LES NEVROSES, LES MALADIES PRODUITES PAR LES EMOTIONS, LES IDEES ONSEDANTES ET LEUR TRAITEMENT /
_cLe Dr F. RAYMOMD , le Dr Plerre Janet.
250 _aDeuxieme Edition.
264 1 _aParis :
_bFelix Alcan,
_c1908.
300 _a559 page :
_billustration ;
_c 24 cm.
336 _2rda contenu
_a texte
337 _2rda medias
_aOrdinateur
338 _2 transporteur rda
_a Ressource en ligne
490 _aTravaux du Laboratoire de Psychologie de la elinique à la Salpêtrière
_vDEUXIÈME SERI
500 _aAnce 97 figures dans le texte
650 1 4 _aMédecine des maladies mentales et psychiques
_2qrmak
651 1 _2qrmak
700 1 _aJanet, Plerre
_eCo-Auteur
856 4 0 _uhttps://fll.law.cu.edu.eg/fulltext/bks/B10-11401.pdf
905 _a161
942 _2ddc
_cBK
_e21
_n0
999 _c73462
_d73462